000
00218 a2200097 4500
001
19780
100
_a
Reif, F
245
_a
Fundamentals of statical & thermal phy
260
_a
_b
McGraw-Hill
_c
090
_c
14405
_d
14405
942
_a
NUST-CAE
_c
M
_c
4898
999
_c
254853
_d
254853